The world today: Essential facts in an ever changing world 2000
Covering every conutry in the world, entries include historical background, information on constitution and government, defence, international relations, economy and social institutions.
Guardado en:
| Formato: | Libro |
|---|---|
| Lenguaje: | Undetermined |
| Publicado: |
London, UK
MacMillan
2000
|
| Materias: | |
| Etiquetas: |
Agregar Etiqueta
Sin Etiquetas, Sea el primero en etiquetar este registro!
|
| Thư viện lưu trữ: | Trung tâm Học liệu Trường Đại học Cần Thơ |
|---|
| LEADER | 00747nam a2200181Ia 4500 | ||
|---|---|---|---|
| 001 | CTU_37078 | ||
| 008 | 210402s9999 xx 000 0 und d | ||
| 020 | |b 336.000đ | ||
| 082 | |a 320.9 | ||
| 082 | |b W927 | ||
| 245 | 4 | |a The world today: Essential facts in an ever changing world 2000 | |
| 260 | |a London, UK | ||
| 260 | |b MacMillan | ||
| 260 | |c 2000 | ||
| 520 | |a Covering every conutry in the world, entries include historical background, information on constitution and government, defence, international relations, economy and social institutions. | ||
| 650 | |a development countries - economic conditions,international economic relations,world politics | ||
| 904 | |i Minh, 000619 | ||
| 980 | |a Trung tâm Học liệu Trường Đại học Cần Thơ | ||